Statistics for Uber-Hack the Quiz #1

Click here to take the quiz!

General Stats

  • This quiz has been taken 94 times
  • The average score is 92 of 120

Answer Stats

Cipher
Code
Question% Correct
EWseparates
99%
SARiver?
97%
DSwhat
95%
KSthe
95%
TRArabia
95%
UYZagreb,
95%
EEthe
93%
VJborder
93%
EOhas
92%
FSMonaco?
92%
GGcountry
92%
HGEngland,
92%
LJAlexandria?
92%
PAwith
92%
VHa
92%
HWEgypt?
90%
ICWhat
90%
JRisland
90%
NBcountry
90%
NMdesert
90%
OWspeakers?
90%
CVand
89%
HDstate
89%
ITcountry
89%
JNhas
89%
NGand
89%
FUis
88%
IWhas
88%
DLWhat
86%
ENDubrovnik,
86%
KMon
86%
LUand
86%
OGWhat
86%
PBsea
86%
PQhas
86%
RYWhat
86%
UWAustralian
86%
BBcity
85%
BW"-stan"
85%
HHRedeemer?"
85%
SJFlemish
85%
UGa
85%
YVWhat
85%
CGlies
84%
FAthe
84%
WPcapital
84%
YIthe
84%
JLis
82%
OChas
82%
QVWhat
82%
WDAfrica's
82%
APisland?
81%
CLSaudi
81%
SGScotland,
81%
TFIn
81%
WApopulous
81%
YOlargest
81%
IBpasses
79%
NUand...
79%
RPWales,
79%
VFhouses
79%
VKThe
79%
WCpopulation?
79%
PChighest
78%
PIcountry
78%
VWWhat
78%
ZWDalmatia?
77%
CSUK
75%
HY"Christ
75%
QNThames
75%
France
74%
MKriver
74%
Red Sea
74%
RVthrough
74%
UCin
74%
WTHindu
74%
Croatia
73%
LPBridge?
73%
LRmost
73%
YNlandmass?
73%
YWWhat
73%
HXis
71%
KZ"devilish"
71%
VMlargest
71%
ZJis
71%
GMcity
70%
KWGate
70%
Rio de Janeiro
70%
GTto
68%
NYKhartoum
68%
QZWhich
68%
TPthe
68%
BMAsia?
67%
FQis
67%
HPWhat
67%
India
67%
Kazakhstan
67%
London
67%
RZcountry
67%
WVthe
66%
Northern Ireland
64%
ZIclosest
63%
ZQWhat
63%
MRWhat
62%
DXcountry
60%
PXGolden
60%
PZWhat
60%
EXis
59%
Tasmania
59%
ZGthe
59%
The Nile
58%
Gobi Desert
56%
Belgium
53%
PUSouth
53%
San Francisco
52%
XQmost
51%
TKIndia?
45%
ZTcity?
42%
Johannesburg
37%
Sri Lanka
37%

Score Distribution

Percentile by Number Answered

Percent of People with Each Score

Your Score History

You have not taken this quiz